000 01184nam0a22002891 4500
001 RU\INFOCOMM_327\NLR\5000003810
005 20250613104517.0
010 _91000 экз.
_d35 к.
035 _a(NLR Aleph) 009506369
090 _a8738060
_c8738060
100 _a20121204d1932 |||y0rusy50 ca
101 0 _apol
102 _aRU
105 _ay z |||||
200 1 _aˆ...‰ O zadaniach związków zawodowych ZSRR na obecnym etapie rozwoju
_eMowa na IX zjeździe zw. zawodowych 28 kwietnia 1932
_fL. Kaganowicz
_gIX Wszechzwiązkowy zjazd związków zawodowych
210 _a[Moskwa]
_cWyd-wo związków zawodowych
_d1932
_g"Интернац." тип.
215 _a32 с.
_d19х13 см
300 _aНа 4 с. обл.: "Л. Каганович. О задачах профсоюзов СССР на данном этапе развития"
620 _aМосква
686 _aФ72(2)271.4-11IХ-1932
_2rubbk
700 1 _7ba
_8rus
_aKaganovič
_bL. M.
_f1893-1991
_gLazar' Moiseevič
_9248421
_3RU\NLR\AUTH\770248477
790 1 _9z01700
_aKaganowicz
_bL.
_4070
801 1 _aRU
_bNLR
_c20121204
801 0 _aRU
_bINFOCOMM
_gPSBO
852 _aNLR
_jЕ-8/1806
942 _cBOOK
980 _aNB